000 00179 a2200097 4500
020 _a9780399154348
041 _aeng
100 _aNora Roberts
245 _aHigh Noon
942 _cBK
999 _c29532
_d29530